[Event "Pro-Am 2010"]
[Site "Villa Martelli ARG"]
[Date "2010.10.15"]
[Round "4.8"]
[White "Real De Azua, Ernesto"]
[Black "Bronstein, Luis Marcos"]
[Result "1/2-1/2"]
[WhiteElo "2432"]
[BlackElo "2347"]
[PlyCount "87"]
[EventDate "2010.10.10"]
[EventType "swiss"]
[EventRounds "9"]
[EventCountry "ARG"]
[Source "lmi"]
[SourceDate "2010.10.10"]

1. d4 Nf6 2. c4 e6 3. Nf3 d5 4. Nc3 Bb4 5. Bg5 h6 6. Bxf6 Qxf6 7. Rc1 O-O 8. a3
Bxc3+ 9. Rxc3 Nc6 10. e3 Rd8 11. cxd5 exd5 12. Bb5 Rd6 13. O-O Bg4 14. h3 Bh5
15. Be2 Qd8 16. Qc2 Rb8 17. Rc1 Bxf3 18. Bxf3 Ne7 19. g3 c6 20. Bg2 Qd7 21. Qa4
a6 22. Qb4 Rf6 23. R3c2 Re8 24. a4 Nf5 25. Qd2 Nd6 26. Qd1 Ne4 27. Qg4 Qc7 28.
b4 Rg6 29. Qf4 Qb6 30. Bxe4 dxe4 31. Rb2 Rf6 32. Qg4 g6 33. Rc5 Qd8 34. b5 cxb5
35. axb5 a5 36. Rbc2 Qb6 37. Rc8 Rxc8 38. Rxc8+ Kg7 39. Qxe4 Qxb5 40. Qe7 Qb4
41. Qxb4 axb4 42. Rc2 Rc6 43. Rb2 Rc4 44. Kf1 1/2-1/2

[Event "Pro-Am 2010"]
[Site "Villa Martelli ARG"]
[Date "2010.10.15"]
[Round "4.9"]
[White "Saldano Dayer, Horacio"]
[Black "Bitelmajer, Martin"]
[Result "1/2-1/2"]
[WhiteElo "2406"]
[BlackElo "2312"]
[PlyCount "82"]
[EventDate "2010.10.10"]
[EventType "swiss"]
[EventRounds "9"]
[EventCountry "ARG"]
[Source "lmi"]
[SourceDate "2010.10.10"]

1. c4 Nf6 2. Nc3 d5 3. cxd5 Nxd5 4. g3 g6 5. Bg2 Nb6 6. d3 Bg7 7. Be3 Nc6 8.
Bxc6+ bxc6 9. Qd2 h5 10. Nf3 Bh3 11. Ng5 Bg2 12. Rg1 Bd5 13. Nge4 Rb8 14. Rc1
Bxe4 15. Nxe4 Nd5 16. b3 Nxe3 17. Qxe3 Bh6 18. f4 Bg7 19. Rc4 O-O 20. g4 Qd5
21. gxh5 Qxh5 22. Rc5 Qxh2 23. f5 Bh6 24. Qg3 Qxg3+ 25. Rxg3 Rb5 26. d4 Rxc5
27. Nxc5 Kh7 28. fxg6+ fxg6 29. e3 Rf6 30. Ke2 Bg7 31. Ne4 Rf5 32. Ng5+ Kg8 33.
Ne6 Rf6 34. Nxc7 Kf7 35. Na6 Rf5 36. Rf3 Rxf3 37. Kxf3 Ke6 38. Ke4 Kd6 39. Nb4
c5 40. dxc5+ Kxc5 41. Nd3+ Kd6 1/2-1/2

[Event "Pro-Am 2010"]
[Site "Villa Martelli ARG"]
[Date "2010.10.15"]
[Round "4.10"]
[White "Mayorga, Nicolas"]
[Black "Rodriguez Vila, Andres"]
[Result "0-1"]
[WhiteElo "2247"]
[BlackElo "2537"]
[PlyCount "74"]
[EventDate "2010.10.10"]
[EventType "swiss"]
[EventRounds "9"]
[EventCountry "ARG"]
[Source "lmi"]
[SourceDate "2010.10.10"]

1. d4 e6 2. c4 Nf6 3. g3 c5 4. d5 exd5 5. cxd5 Bd6 6. Bg2 O-O 7. Nf3 Re8 8. O-O
Bf8 9. Nc3 d6 10. Nd2 Bg4 11. h3 Bd7 12. a4 Qc8 13. Kh2 b6 14. Nc4 Qa6 15. Qb3
Bf5 16. Bf4 Bc2 17. Qa2 Rd8 18. b3 Bg6 19. Nb5 Ne8 20. e4 f6 21. e5 fxe5 22.
Bg5 Rd7 23. f4 h6 24. fxe5 hxg5 25. e6 Rd8 26. Rxf8+ Kxf8 27. Rf1+ Kg8 28. e7
Nd7 29. Ncxd6 Nxd6 30. Nxd6 Re8 31. Nxe8 Rxe8 32. Re1 Qd3 33. Bf1 Qd4 34. Bb5
Ne5 35. Bxe8 Nf3+ 36. Kh1 Be4 37. Rxe4 Qg1# 0-1

[Event "Pro-Am 2010"]
[Site "Villa Martelli ARG"]
[Date "2010.10.15"]
[Round "4.11"]
[White "Valerga, Diego"]
[Black "Bulcourf, Carlos"]
[Result "1-0"]
[WhiteElo "2508"]
[BlackElo "2207"]
[PlyCount "107"]
[EventDate "2010.10.10"]
[EventType "swiss"]
[EventRounds "9"]
[EventCountry "ARG"]
[Source "lmi"]
[SourceDate "2010.10.10"]

1. d4 Nf6 2. c4 c5 3. d5 Ne4 4. Qc2 Qa5+ 5. Nd2 Nd6 6. e4 g6 7. b4 Qxb4 8. Rb1
Qa5 9. Bb2 Rg8 10. Ngf3 Na6 11. a3 Bg7 12. e5 Nf5 13. Bd3 d6 14. O-O Bd7 15.
Rfe1 O-O-O 16. exd6 exd6 17. Bxg7 Nxg7 18. Ng5 Ba4 19. Qb2 Qc7 20. Nxh7 Nh5 21.
Nf6 Nxf6 22. Qxf6 Rge8 23. Rxe8 Bxe8 24. Ne4 Nb8 25. h4 a6 26. Re1 b5 27. Nxd6+
Rxd6 28. Rxe8+ Kb7 29. Qh8 Nd7 30. cxb5 c4 31. bxa6+ Rxa6 32. Be4 Rd6 33. Re7
f5 34. Bf3 c3 35. Rxd7 Qxd7 36. Qxc3 Qa4 37. Qc5 Qf4 38. g3 Qe5 39. Kg2 f4 40.
Qb4+ Ka7 41. Qxf4 Qxf4 42. gxf4 Ra6 43. Be4 Kb8 44. Kg3 Kc7 45. Kg4 Kd7 46. Kg5
Rxa3 47. Kxg6 Ra4 48. f3 Ra6+ 49. Kg7 Ra1 50. h5 Ra7 51. h6 Kd6+ 52. Kf6 Ra8
53. h7 Rb8 54. Bg6 1-0

[Event "Pro-Am 2010"]
[Site "Villa Martelli ARG"]
[Date "2010.10.15"]
[Round "4.12"]
[White "Perez Ponsa, Federico"]
[Black "Lanza, Luciano"]
[Result "1-0"]
[WhiteElo "2469"]
[BlackElo "2178"]
[PlyCount "55"]
[EventDate "2010.10.10"]
[EventType "swiss"]
[EventRounds "9"]
[EventCountry "ARG"]
[Source "lmi"]
[SourceDate "2010.10.10"]

1. e4 c5 2. Nf3 Nc6 3. Nc3 Nf6 4. Bb5 Qc7 5. O-O d6 6. Re1 Bd7 7. d4 cxd4 8.
Nd5 Qb8 9. Bg5 a6 10. Ba4 b5 11. Bb3 Bg4 12. a4 b4 13. a5 Qb7 14. Ba4 O-O-O 15.
Bxf6 gxf6 16. Bxc6 Qxc6 17. Nxd4 Qxd5 18. Qxg4+ f5 19. Nxf5 Qe6 20. Qe2 Kb7 21.
Ra4 Qe5 22. Rxb4+ Ka7 23. Nd4 Rc8 24. Rb6 Qxa5 25. Nc6+ Rxc6 26. Rxc6 Bg7 27.
b4 Qa4 28. Qe3+ 1-0

[Event "Pro-Am 2010"]
[Site "Villa Martelli ARG"]
[Date "2010.10.15"]
[Round "4.13"]
[White "Tokman, Ariel"]
[Black "Slipak, Sergio"]
[Result "1/2-1/2"]
[WhiteElo "2202"]
[BlackElo "2446"]
[PlyCount "92"]
[EventDate "2010.10.10"]
[EventType "swiss"]
[EventRounds "9"]
[EventCountry "ARG"]
[Source "lmi"]
[SourceDate "2010.10.10"]

1. d4 Nf6 2. Bg5 Ne4 3. Bf4 c5 4. f3 Qa5+ 5. c3 Nf6 6. Nd2 cxd4 7. Nb3 Qd8 8.
cxd4 e6 9. e4 d5 10. e5 Nfd7 11. Bd3 Nc6 12. Ne2 Qb6 13. Bd2 a5 14. a4 Bb4 15.
Bb5 O-O 16. Bxb4 Nxb4 17. Qd2 f6 18. exf6 Nxf6 19. O-O e5 20. Kh1 e4 21. fxe4
dxe4 22. Rae1 Be6 23. Nc5 Rad8 24. Nf4 Bf7 25. Qc3 Nbd5 26. Nxd5 Bxd5 27. Bc4
Rfe8 28. b3 Kh8 29. Rf5 Bxc4 30. Qxc4 Qc6 31. Re5 h6 32. h3 b6 33. Nxe4 Qxc4
34. bxc4 Rxd4 35. Nxf6 Rxe5 36. Rxe5 gxf6 37. Re6 Kg7 38. Rc6 Kf7 39. Kg1 Ke7
40. Kf2 Rd6 41. Rc7+ Ke6 42. Ke3 Kf5 43. Rh7 Rc6 44. Kd4 Rd6+ 45. Ke3 Rc6 46.
Kd4 Rd6+ 1/2-1/2

[Event "Pro-Am 2010"]
[Site "Villa Martelli ARG"]
[Date "2010.10.15"]
[Round "4.14"]
[White "Pichot, Alan"]
[Black "Pierrot, Juan Facundo"]
[Result "0-1"]
[WhiteElo "2160"]
[BlackElo "2431"]
[PlyCount "92"]
[EventDate "2010.10.10"]
[EventType "swiss"]
[EventRounds "9"]
[EventCountry "ARG"]
[Source "lmi"]
[SourceDate "2010.10.10"]

1. e4 e5 2. Nf3 Nc6 3. Bb5 a6 4. Ba4 Nf6 5. d3 d6 6. O-O g6 7. c3 b5 8. Bb3 Bg7
9. a4 Bd7 10. Na3 O-O 11. Rb1 Rb8 12. axb5 axb5 13. Bd2 Nh5 14. Nc2 Kh8 15. Bg5
Qe8 16. Ne3 f5 17. exf5 gxf5 18. Nd5 Rb7 19. Nh4 f4 20. Qf3 Nf6 21. Rbe1 Na5
22. Ba2 Nxd5 23. Bxd5 c6 24. b4 cxd5 25. bxa5 Bc6 26. Qg4 Qd7 27. Qxd7 Rxd7 28.
g4 e4 29. d4 b4 30. cxb4 Bxd4 31. Nf5 Rxf5 32. gxf5 Rg7 33. h4 h6 34. Rc1 Bb5
35. Rfd1 Bd3 36. Rc8+ Kh7 37. b5 hxg5 38. b6 gxh4+ 39. Kh2 Kh6 40. Rh8+ Rh7 41.
Rd8 Bxf2 42. Rxd6+ Kg5 43. Rxd5 h3 44. Rc1 Be2 45. f6+ Kg6 46. Rc3 e3 0-1

[Event "Pro-Am 2010"]
[Site "Villa Martelli ARG"]
[Date "2010.10.15"]
[Round "4.15"]
[White "Fiori, Alberto Nicolas"]
[Black "Mela, Benjamin"]
[Result "1/2-1/2"]
[WhiteElo "2158"]
[BlackElo "2335"]
[PlyCount "91"]
[EventDate "2010.10.10"]
[EventType "swiss"]
[EventRounds "9"]
[EventCountry "ARG"]
[Source "lmi"]
[SourceDate "2010.10.10"]

1. d4 Nf6 2. Nf3 c5 3. d5 g6 4. Nc3 Bg7 5. e4 d6 6. Bc4 O-O 7. O-O Nbd7 8. a4
Nh5 9. Ra3 Nb6 10. Be2 Nf6 11. h3 e5 12. dxe6 Bxe6 13. e5 dxe5 14. Qxd8 Raxd8
15. Nxe5 Nfd5 16. Nxd5 Bxd5 17. Ng4 Nc4 18. Bxc4 Bxc4 19. Re1 h5 20. Nh2 Be6
21. Ra1 Rd5 22. Nf3 Bf6 23. c3 g5 24. Be3 Rfd8 25. Nh2 b6 26. Nf1 Kg7 27. Ng3
Kg6 28. Ne2 Kh7 29. Ng3 h4 30. Ne4 Be7 31. f4 gxf4 32. Bxf4 Kg6 33. a5 b5 34.
Nf2 Rf5 35. Be3 a6 36. Ng4 b4 37. cxb4 cxb4 38. Rac1 Rdd5 39. Bb6 Rd2 40. Ne5+
Kg7 41. Nf3 Rd7 42. Re4 Rfd5 43. Kf2 Kh7 44. Rce1 Rf5 45. Kg1 Rh5 46. Nd4
1/2-1/2

[Event "Pro-Am 2010"]
[Site "Villa Martelli ARG"]
[Date "2010.10.15"]
[Round "4.16"]
[White "Restuccia, Francisco"]
[Black "Pina Gomez, Ulises"]
[Result "0-1"]
[WhiteElo "2153"]
[BlackElo "2302"]
[PlyCount "94"]
[EventDate "2010.10.10"]
[EventType "swiss"]
[EventRounds "9"]
[EventCountry "ARG"]
[Source "lmi"]
[SourceDate "2010.10.10"]

1. e4 e5 2. d4 exd4 3. Qxd4 Nc6 4. Qe3 g6 5. Nc3 Bg7 6. Bd2 Nf6 7. O-O-O O-O 8.
h4 Re8 9. h5 d5 10. Qh3 Nxe4 11. Nxe4 Rxe4 12. hxg6 hxg6 13. Qh2 Qf6 14. c3 Rg4
15. a3 Bf5 16. Qh7+ Kf8 17. Bh6 Bxh6+ 18. Qxh6+ Ke7 19. Rxd5 Be6 20. Qe3 Qf4
21. Qxf4 Rxf4 22. Rd2 Na5 23. Re2 Kf6 24. g3 Rf5 25. f4 Rd8 26. Nf3 Rfd5 27.
Bg2 Rd3 28. Nd4 Nb3+ 29. Kc2 Nxd4+ 30. Kxd3 Nxe2+ 31. Kxe2 Bc4+ 32. Ke1 Re8+
33. Kd1 Re2 34. Bf1 Rxb2 35. Kc1 Ra2 36. Kb1 Bd5 37. c4 Bxh1 38. Kxa2 Kf5 39.
Be2 Ke4 40. Kb3 c5 41. Kc3 Ke3 42. Bg4 Kf2 43. f5 Kxg3 44. fxg6 fxg6 45. Be6
Kf4 46. a4 Be4 47. a5 g5 0-1

[Event "Pro-Am 2010"]
[Site "Villa Martelli ARG"]
[Date "2010.10.15"]
[Round "4.17"]
[White "Krysa, Leandro Sergio"]
[Black "Lopez Azambuja, Nicolas"]
[Result "1-0"]
[WhiteElo "2271"]
[BlackElo "2142"]
[PlyCount "55"]
[EventDate "2010.10.10"]
[EventType "swiss"]
[EventRounds "9"]
[EventCountry "ARG"]
[Source "lmi"]
[SourceDate "2010.10.10"]

1. d4 Nf6 2. c4 g6 3. Nc3 Bg7 4. e4 d6 5. f3 O-O 6. Be3 c5 7. Nge2 Nc6 8. d5
Ne5 9. Ng3 e6 10. Be2 exd5 11. cxd5 a6 12. a4 Bd7 13. h3 b5 14. f4 Nc4 15. Bxc4
bxc4 16. O-O Rb8 17. Rf2 Re8 18. Qf1 Rb4 19. e5 Qb8 20. exf6 Rxe3 21. fxg7 Rxg3
22. Ne4 Rd3 23. f5 Rxb2 24. Nf6+ Kxg7 25. Nxd7 Rxf2 26. f6+ Kg8 27. Qxf2 Qd8
28. Qf4 1-0

[Event "Pro-Am 2010"]
[Site "Villa Martelli ARG"]
[Date "2010.10.15"]
[Round "4.18"]
[White "Zamorano, Jorge Adrian"]
[Black "Castillo, Santiago"]
[Result "1-0"]
[WhiteElo "2271"]
[BlackElo "2120"]
[PlyCount "33"]
[EventDate "2010.10.10"]
[EventType "swiss"]
[EventRounds "9"]
[EventCountry "ARG"]
[Source "lmi"]
[SourceDate "2010.10.10"]

1. d4 d5 2. c4 e6 3. Nf3 c5 4. cxd5 exd5 5. g3 Nf6 6. Bg2 Be6 7. O-O Be7 8. Nc3
c4 9. Ng5 O-O 10. e4 h6 11. Nxe6 fxe6 12. e5 Ne8 13. Qg4 Kh8 14. Qxe6 Nc7 15.
Qg6 Nc6 16. Nxd5 Nxd4 17. Be4 1-0

[Event "Pro-Am 2010"]
[Site "Villa Martelli ARG"]
[Date "2010.10.15"]
[Round "4.19"]
[White "Guerrero, Alvaro"]
[Black "Cabrera Pando, Ramiro"]
[Result "1-0"]
[WhiteElo "2270"]
[BlackElo "2092"]
[PlyCount "55"]
[EventDate "2010.10.10"]
[EventType "swiss"]
[EventRounds "9"]
[EventCountry "ARG"]
[Source "lmi"]
[SourceDate "2010.10.10"]

1. d4 d5 2. c4 c6 3. Nf3 Nf6 4. Nc3 e6 5. Bg5 h6 6. Bh4 dxc4 7. e4 g5 8. Bg3 b5
9. e5 Nd5 10. h4 Bb4 11. Rc1 g4 12. Nd2 Qa5 13. Qc2 c5 14. dxc5 Nc6 15. Nde4 a6
16. Be2 Qxa2 17. O-O Bxc3 18. Nxc3 Qa5 19. Qe4 Nce7 20. Qxg4 Nxc3 21. Rxc3 Qb4
22. Qe4 Nd5 23. Bh5 Qxb2 24. Bxf7+ Kd8 25. Rc2 Qb3 26. Rd2 Ra7 27. Qg6 Qb4 28.
Rxd5+ 1-0

[Event "Pro-Am 2010"]
[Site "Villa Martelli ARG"]
[Date "2010.10.15"]
[Round "4.20"]
[White "Calens, Diego"]
[Black "Fabian, Gaston"]
[Result "0-1"]
[WhiteElo "2095"]
[BlackElo "2266"]
[PlyCount "58"]
[EventDate "2010.10.10"]
[EventType "swiss"]
[EventRounds "9"]
[EventCountry "ARG"]
[Source "lmi"]
[SourceDate "2010.10.10"]

1. d4 Nf6 2. c4 e6 3. g3 d5 4. Bg2 dxc4 5. Nf3 a6 6. O-O Nc6 7. e3 Rb8 8. Qe2
b5 9. Rd1 Be7 10. e4 O-O 11. Bg5 Nb4 12. Nc3 h6 13. Bxf6 Bxf6 14. Ne5 Bxe5 15.
dxe5 Qe7 16. f4 Nd3 17. Kh1 b4 18. Nb1 Qc5 19. Rf1 Qd4 20. Nd2 Qxb2 21. Qe3 Qc3
22. Rad1 Nb2 23. Rde1 Qxe3 24. Rxe3 Rd8 25. Nf3 c3 26. Re2 a5 27. Rc1 Ba6 28.
Re3 Nd3 29. Rc2 a4 0-1

[Event "Pro-Am 2010"]
[Site "Villa Martelli ARG"]
[Date "2010.10.15"]
[Round "4.21"]
[White "Languidey, Simon Alejandro"]
[Black "Daneri, Martin"]
[Result "1-0"]
[WhiteElo "2257"]
[BlackElo "2091"]
[PlyCount "87"]
[EventDate "2010.10.10"]
[EventType "swiss"]
[EventRounds "9"]
[EventCountry "ARG"]
[Source "lmi"]
[SourceDate "2010.10.10"]

1. e4 e6 2. d4 d5 3. Nd2 Be7 4. Bd3 Nf6 5. Ngf3 c5 6. exd5 cxd4 7. dxe6 Bxe6 8.
O-O O-O 9. Ne4 h6 10. Re1 Nc6 11. Ng3 Qd5 12. h3 Rfd8 13. Bf4 Rac8 14. a3 g5
15. Bd2 a6 16. Qe2 b5 17. Rad1 Rc7 18. Nh2 Bd6 19. Nh5 Nxh5 20. Qxh5 Bf8 21.
Be4 Qd6 22. Bxg5 Qc5 23. Nf3 Rd5 24. h4 Bg7 25. b4 Qd6 26. Bf4 Qxf4 27. Bxd5
Bg4 28. Qg6 Ne7 29. Qe4 Nxd5 30. Qxd5 Rxc2 31. Re4 Qf5 32. Qxf5 Bxf5 33. Re8+
Kh7 34. Nxd4 Bxd4 35. Rxd4 Ra2 36. Re3 Kg7 37. Rd6 Be6 38. Rxa6 Bc4 39. Rg3+
Kh7 40. Rf3 Kg7 41. Rff6 Be6 42. Rfxe6 fxe6 43. Rxe6 Rxa3 44. Re5 1-0

[Event "Pro-Am 2010"]
[Site "Villa Martelli ARG"]
[Date "2010.10.15"]
[Round "4.22"]
[White "Wisniacki, Flavio"]
[Black "Radoszta, Armando E"]
[Result "0-1"]
[WhiteElo "2257"]
[BlackElo "2076"]
[PlyCount "154"]
[EventDate "2010.10.10"]
[EventType "swiss"]
[EventRounds "9"]
[EventCountry "ARG"]
[Source "lmi"]
[SourceDate "2010.10.10"]

1. c4 Nf6 2. Nc3 e6 3. d4 d5 4. cxd5 exd5 5. Qc2 c6 6. Bg5 Be7 7. e3 Nbd7 8.
Bd3 O-O 9. Nge2 Re8 10. f3 Nf8 11. Bh4 b5 12. a4 b4 13. Na2 Qb6 14. Nac1 Ng6
15. a5 Qb7 16. Bf2 Be6 17. Nb3 Rac8 18. O-O Nf8 19. Nf4 Bd6 20. Bg3 Qe7 21. Ba6
Rc7 22. Nc5 Bc8 23. Rfe1 Bxc5 24. Bxc8 Bd6 25. Ba6 c5 26. dxc5 Bxc5 27. Qb3
Bxe3+ 28. Kh1 d4 29. Nd3 Rc5 30. Nxc5 Qxc5 31. Re2 Nh5 32. Be1 Re6 33. Bc4 Rf6
34. Bd5 Nf4 35. Bxb4 Qxd5 36. Qxd5 Nxd5 37. Bc5 Nf4 38. Rxe3 dxe3 39. Bxe3 a6
40. Rd1 g5 41. g3 N4e6 42. Kg2 h6 43. Rd6 Kg7 44. Kf2 Rf5 45. b4 Rb5 46. Bd2
Nc7 47. Bc3+ Kh7 48. Rf6 Kg8 49. Rxh6 Ng6 50. h4 Nd5 51. Ba1 gxh4 52. gxh4 Rxb4
53. h5 Rh4 54. Kg3 Nde7 55. Rxg6+ Nxg6 56. hxg6 Rc4 57. Bf6 fxg6 58. f4 Kf7 59.
Bd8 Rc1 60. Bb6 Kf6 61. Kg4 Re1 62. Bc5 Rd1 63. Bb6 Rd5 64. Bc7 Ke6 65. Bb6 Rb5
66. Bd8 Kd7 67. Bb6 Rxb6 68. axb6 a5 69. Kg5 a4 70. Kxg6 a3 71. b7 Kc7 72. f5
a2 73. f6 a1=Q 74. Kf7 Qe5 75. Kg6 Kd7 76. Kg7 Ke8 77. b8=Q+ Qxb8 0-1

[Event "Pro-Am 2010"]
[Site "Villa Martelli ARG"]
[Date "2010.10.15"]
[Round "4.23"]
[White "Paveto, Kevin"]
[Black "Lopez Rebert, Pablo"]
[Result "1-0"]
[WhiteElo "2256"]
[BlackElo "2005"]
[PlyCount "55"]
[EventDate "2010.10.10"]
[EventType "swiss"]
[EventRounds "9"]
[EventCountry "ARG"]
[Source "lmi"]
[SourceDate "2010.10.10"]

1. e4 e6 2. d4 d5 3. Nd2 c5 4. exd5 exd5 5. Ngf3 Nf6 6. dxc5 Bxc5 7. Nb3 Bb6 8.
Be2 O-O 9. O-O h6 10. c3 Bg4 11. h3 Be6 12. Bd3 Nc6 13. Bc2 Qd7 14. Nfd4 Rae8
15. Bf4 a5 16. a4 Bc7 17. Nc5 Qc8 18. Bg3 b6 19. Ncxe6 fxe6 20. Bg6 Bxg3 21.
Bxe8 Bxf2+ 22. Rxf2 Rxe8 23. Qd3 Ne4 24. Rff1 Na7 25. Rae1 Qd7 26. Nf3 Qxa4 27.
Ne5 Nc6 28. Rxe4 1-0

[Event "Pro-Am 2010"]
[Site "Villa Martelli ARG"]
[Date "2010.10.15"]
[Round "4.24"]
[White "Koch, Juan Enrique"]
[Black "Viana, Dirceu"]
[Result "1/2-1/2"]
[WhiteElo "2095"]
[BlackElo "2245"]
[PlyCount "139"]
[EventDate "2010.10.10"]
[EventType "swiss"]
[EventRounds "9"]
[EventCountry "ARG"]
[Source "lmi"]
[SourceDate "2010.10.10"]

1. c4 c6 2. e4 e5 3. Nc3 Nf6 4. g3 d5 5. cxd5 cxd5 6. Bg2 dxe4 7. Nxe4 Nc6 8.
Ne2 Nxe4 9. Bxe4 Bc5 10. Qc2 Qb6 11. O-O Bh3 12. Bg2 Bxg2 13. Kxg2 O-O 14. a3
a5 15. d3 Rac8 16. Bd2 Nd4 17. Nxd4 Bxd4 18. Bc3 Bxc3 19. bxc3 Qc6+ 20. Kg1
Qxc3 21. Qxc3 Rxc3 22. Rfb1 Rc7 23. Rb5 f6 24. Rxa5 Rd8 25. Rb5 Rxd3 26. Rab1
Rxa3 27. Rxb7 Rac3 28. h4 h5 29. Kg2 Kh7 30. Rxc7 Rxc7 31. Rb4 Kg6 32. Ra4 Kf5
33. Rb4 Ra7 34. Rc4 Rd7 35. Ra4 g6 36. Rb4 Rd4 37. Rb6 Ra4 38. Rc6 Rb4 39. Ra6
Rd4 40. Rb6 Ra4 41. Rc6 Rd4 42. Rb6 g5 43. hxg5 Kxg5 44. Rb8 h4 45. Rg8+ Kf5
46. Rf8 Rg4 47. Kh3 hxg3 48. fxg3 Ra4 49. Kg2 Rb4 50. Kf3 Rb3+ 51. Kf2 Rb2+ 52.
Kf3 e4+ 53. Ke3 Rb3+ 54. Kf2 Rb2+ 55. Ke3 Rb3+ 56. Kf2 Rf3+ 57. Kg2 Ke5 58. g4
Rf4 59. Kg3 Rf3+ 60. Kg2 Rf4 61. Kg3 Rf3+ 62. Kg2 Rc3 63. Kf2 Rb3 64. Rf7 Ra3
65. Rf8 Rb3 66. Rf7 Rb2+ 67. Ke3 Rb3+ 68. Kf2 Rd3 69. Rf8 Rf3+ 70. Kg2 1/2-1/2

[Event "Pro-Am 2010"]
[Site "Villa Martelli ARG"]
[Date "2010.10.15"]
[Round "4.25"]
[White "Fernandez, Marcelo Fabian"]
[Black "Aparicio, Anibal"]
[Result "0-1"]
[WhiteElo "2065"]
[BlackElo "2241"]
[PlyCount "148"]
[EventDate "2010.10.10"]
[EventType "swiss"]
[EventRounds "9"]
[EventCountry "ARG"]
[Source "lmi"]
[SourceDate "2010.10.10"]

1. e4 c5 2. Nf3 Nc6 3. g3 g6 4. Bg2 Bg7 5. d3 Nf6 6. O-O d5 7. Nbd2 O-O 8. c3
h6 9. e5 Ne8 10. d4 Nc7 11. Re1 cxd4 12. cxd4 Bf5 13. a3 Qd7 14. Nb3 b6 15. Be3
Rac8 16. Rc1 Kh7 17. Nh4 Bg4 18. Qd3 a5 19. f3 Be6 20. Bf1 a4 21. Nd2 Na5 22.
Qb1 Kh8 23. Bd3 g5 24. Ng2 f6 25. f4 fxe5 26. fxe5 Bf5 27. h4 Bxd3 28. Qxd3 Qg4
29. Kh2 Nc4 30. hxg5 Nxe3 31. Rxe3 Ne6 32. Rxc8 Rxc8 33. Nh4 Kg8 34. Ndf3 hxg5
35. Nf5 Bf8 36. Re1 Rc4 37. Rf1 Qe4 38. Qxe4 dxe4 39. d5 exf3 40. dxe6 g4 41.
Rd1 Rc5 42. Rd4 Rxe5 43. Rxg4+ Kh7 44. Rf4 Rxe6 45. Nd4 Rh6+ 46. Kg1 Bg7 47.
Nxf3 Rf6 48. Rh4+ Kg8 49. Kf2 b5 50. Rb4 Rc6 51. Ne1 Rc5 52. Nd3 Rd5 53. Ke2
Kf7 54. Kd2 Be5 55. g4 Bd6 56. Re4 Rg5 57. Kc3 Rg8 58. Nb4 Rc8+ 59. Kd3 Rc1 60.
Na2 Rd1+ 61. Kc2 Rd5 62. Nc3 Rc5 63. Kd3 Rg5 64. Ke2 Ke8 65. Kf3 Kd7 66. Kg2
Kc6 67. Kh3 Be5 68. Nd1 Bf6 69. Re2 Kc5 70. Rc2+ Kd4 71. Nf2 Ke3 72. Kg2 Rd5
73. Kg3 Rd2 74. Rc6 Be5+ 0-1

[Event "Pro-Am 2010"]
[Site "Villa Martelli ARG"]
[Date "2010.10.18"]
[Round "5.2"]
[White "Tristan, Leonardo"]
[Black "Alonso, Salvador"]
[Result "1-0"]
[WhiteElo "2401"]
[BlackElo "2482"]
[PlyCount "49"]
[EventDate "2010.10.10"]
[EventType "swiss"]
[EventRounds "9"]
[EventCountry "ARG"]
[Source "lmi"]
[SourceDate "2010.10.10"]

1. e4 c5 2. Nc3 Nc6 3. Bb5 Nd4 4. Bc4 e6 5. Nge2 Nf6 6. O-O a6 7. a4 Nxe4 8.
Nxe4 d5 9. d3 dxc4 10. dxc4 Be7 11. Bf4 f6 12. c3 Nxe2+ 13. Qxe2 e5 14. Be3 Qc7
15. Qh5+ g6 16. Qh6 Qc6 17. f3 Bf5 18. Qg7 Rf8 19. Qxh7 Bxe4 20. fxe4 Qxe4 21.
Bh6 Rf7 22. Qg8+ Bf8 23. Bxf8 Rxf8 24. Qe6+ Kd8 25. Rad1+ 1-0

[Event "Pro-Am 2010"]
[Site "Villa Martelli ARG"]
[Date "2010.10.18"]
[Round "5.4"]
[White "Dolezal, Cristian"]
[Black "Della Morte, German"]
[Result "1/2-1/2"]
[WhiteElo "2413"]
[BlackElo "2361"]
[PlyCount "154"]
[EventDate "2010.10.10"]
[EventType "swiss"]
[EventRounds "9"]
[EventCountry "ARG"]
[Source "lmi"]
[SourceDate "2010.10.10"]

1. e4 d6 2. d4 Nf6 3. Nc3 g6 4. Bg5 Bg7 5. Qd2 h6 6. Bh4 g5 7. Bg3 Nh5 8. Nge2
Nc6 9. f3 Nxg3 10. hxg3 e6 11. g4 Bd7 12. Nd1 Qe7 13. Ne3 O-O-O 14. O-O-O Kb8
15. Kb1 Rc8 16. c3 Rhd8 17. Nc1 Qf8 18. Bb5 Ne7 19. Bxd7 Rxd7 20. Nb3 Rdd8 21.
Qe2 Qe8 22. Qc4 Qc6 23. Qxc6 Nxc6 24. g3 Ne7 25. f4 gxf4 26. gxf4 Rh8 27. Rh5
Rcf8 28. Rdh1 Kc8 29. Nc1 Kd7 30. Nd3 c6 31. Kc2 b6 32. e5 dxe5 33. Nxe5+ Kc7
34. f5 c5 35. Nf3 Kc6 36. dxc5 bxc5 37. Nc4 exf5 38. gxf5 Nd5 39. Nfe5+ Kc7 40.
Ng4 Re8 41. f6 Nxf6 42. Rxc5+ Kb8 43. Rb5+ Kc7 44. Rc5+ Kb8 45. Nge5 Ne4 46.
Rb5+ Ka8 47. Nxf7 Rhf8 48. Nfd6 Rf2+ 49. Kb1 Nxd6 50. Nxd6 Rb8 51. Rxb8+ Kxb8
52. Rh5 Bf8 53. Nf5 a5 54. Nxh6 Rf1+ 55. Kc2 Rf2+ 56. Kd3 Bxh6 57. Rxh6 Rxb2
58. a4 Ra2 59. Rh4 Kc7 60. Rc4+ Kd6 61. Ke4 Re2+ 62. Kd4 Rh2 63. Kd3 Ra2 64.
Rd4+ Kc5 65. Rh4 Kc6 66. Rh6+ Kc7 67. Kc4 Rxa4+ 68. Kc5 Rg4 69. Rh7+ Kc8 70. c4
Rg6 71. Kb5 a4 72. c5 a3 73. Ra7 a2 74. Rxa2 Rf6 75. Kc4 Rh6 76. Re2 Rg6 77.
Kd5 Rh6 1/2-1/2

[Event "Pro-Am 2010"]
[Site "Villa Martelli ARG"]
[Date "2010.10.18"]
[Round "5.5"]
[White "Perez Rodriguez, Luis Manuel"]
[Black "Molina, Roberto Junio Brito"]
[Result "1-0"]
[WhiteElo "2483"]
[BlackElo "2384"]
[PlyCount "71"]
[EventDate "2010.10.10"]
[EventType "swiss"]
[EventRounds "9"]
[EventCountry "ARG"]
[Source "lmi"]
[SourceDate "2010.10.10"]

1. e4 c6 2. d4 d5 3. Nc3 dxe4 4. Nxe4 Nd7 5. Ng5 Ngf6 6. Bd3 e6 7. N1f3 Bd6 8.
Qe2 h6 9. Ne4 Nxe4 10. Qxe4 Qc7 11. O-O c5 12. Qg4 Kf8 13. Re1 Nf6 14. Qh4 b6
15. Bg5 Nd5 16. c4 Nb4 17. Be4 Bb7 18. dxc5 bxc5 19. Bxb7 Qxb7 20. Rad1 Qc7 21.
Be3 Rc8 22. Rd2 Be7 23. Qe4 Qc6 24. Qb1 g5 25. a3 Na6 26. b4 cxb4 27. Ne5 Qc7
28. Bd4 Kg8 29. Nxf7 Kxf7 30. Rxe6 Rhg8 31. Qf5+ Ke8 32. Rxe7+ Qxe7 33. Qxc8+
Kf7 34. Qf5+ Ke8 35. Kf1 Qd7 36. Qe5+ 1-0

[Event "Pro-Am 2010"]
[Site "Villa Martelli ARG"]
[Date "2010.10.18"]
[Round "5.6"]
[White "Rodriguez Vila, Andres"]
[Black "Krysa, Leandro Sergio"]
[Result "1-0"]
[WhiteElo "2537"]
[BlackElo "2271"]
[PlyCount "42"]
[EventDate "2010.10.10"]
[EventType "swiss"]
[EventRounds "9"]
[EventCountry "ARG"]
[Source "lmi"]
[SourceDate "2010.10.10"]

1. e4 c5 2. Nf3 e6 3. Qe2 Nc6 4. g3 g6 5. Bg2 Bg7 6. c3 Nge7 7. h4 h6 8. O-O e5
9. Na3 O-O 10. Nc4 d6 11. h5 f5 12. d3 g5 13. Nh2 d5 14. Ne3 Be6 15. g4 fxe4
16. dxe4 d4 17. Rd1 Rf4 18. Nf5 Qa5 19. Bxf4 exf4 20. b4 Qa4 21. Nxg7 Kxg7 1-0

[Event "Pro-Am 2010"]
[Site "Villa Martelli ARG"]
[Date "2010.10.18"]
[Round "5.7"]
[White "Bitelmajer, Martin"]
[Black "Valerga, Diego"]
[Result "1-0"]
[WhiteElo "2312"]
[BlackElo "2508"]
[PlyCount "89"]
[EventDate "2010.10.10"]
[EventType "swiss"]
[EventRounds "9"]
[EventCountry "ARG"]
[Source "lmi"]
[SourceDate "2010.10.10"]

1. d4 d5 2. c4 e6 3. g3 Nf6 4. Nf3 Bb4+ 5. Bd2 Be7 6. Bg2 O-O 7. O-O c6 8. Qb3
Nbd7 9. Nc3 Nb6 10. c5 Nc4 11. Bf4 b6 12. cxb6 axb6 13. Ne5 Nxe5 14. Bxe5 Ba6
15. Rfc1 Nd7 16. Bf4 f5 17. Qd1 Kh8 18. a4 g5 19. Bd2 Bf6 20. Be1 e5 21. e3 f4
22. b4 fxe3 23. fxe3 exd4 24. exd4 Bc4 25. Bf2 Bg7 26. Qd2 h6 27. Kh1 Nf6 28.
Bg1 Rf7 29. Re1 Bf8 30. Rab1 Qd7 31. Qc2 Bg7 32. Nd1 Ne8 33. Ne3 Nd6 34. b5 Ra5
35. Nxc4 Nxc4 36. Qg6 cxb5 37. Bh3 Qxh3 38. Qxf7 Nd6 39. Qxd5 Nf5 40. Re8+ Kh7
41. Qg8+ Kg6 42. Re6+ Kh5 43. Qf7+ Kg4 44. Re4+ Kf3 45. Rb3+ 1-0